000 00316nam a22001337a 4500
008 180806b xxu||||| |||| 00| 0 eng d
082 _a813.52
245 _aMultimedia companion to music:An Appreciation
_cHill.M
260 _c2002
300 _a1
_fCD
440 _x0072474300
760 _b4 th
942 _2ddc
_cMX
999 _c46864
_d46864